|
|
|
|
| LEADER |
00707nam a2200217Ia 4500 |
| 001 |
CTU_167267 |
| 008 |
210402s9999 xx 000 0 und d |
| 020 |
|
|
|c 52000
|
| 082 |
|
|
|a 895.92234
|
| 082 |
|
|
|b A107
|
| 100 |
|
|
|a Nguyễn, Nhật Ánh
|
| 245 |
|
0 |
|a Hoa hồng xứ khác
|
| 245 |
|
0 |
|c Nguyễn Nhật Ánh
|
| 260 |
|
|
|a Thành phố Hồ Chí Minh
|
| 260 |
|
|
|b Trẻ
|
| 260 |
|
|
|c 2010
|
| 650 |
|
|
|a Vietnamese fictions,Love stories,Tiểu thuyết Việt Nam,Truyện tình yêu
|
| 650 |
|
|
|y 21st century,Thế kỷ 21
|
| 650 |
|
|
|z Vietnam,Việt Nam
|
| 904 |
|
|
|i Thu Trinh, Trọng Hiếu
|
| 980 |
|
|
|a Trung tâm Học liệu Trường Đại học Cần Thơ
|